Представление документа в формате MARC21

Поле Инд. ПП Название Значение
Тип записи a
Библиографический уровень b
001 Контрольный номер RU/IS/BASE/142447353
005 Дата корректировки 20200522190719.1
084 a Индекс другой классификации/Индекс ББК 74.005.23; 66р30
100 1_ a Автор Ануфриев Е. А.
245 a Заглавие Политическая педагогика в гуманитарном образовании современной России
504 a Библиография Библиогр. ссылки
650 a Основная рубрика воспитание
a Основная рубрика образование
a Основная рубрика педагогика
a Основная рубрика политика
653 a Ключевые слова власть
a Ключевые слова деполитизация
a Ключевые слова идейно-политическое воспитание
a Ключевые слова политизация
a Ключевые слова политическая власть
a Ключевые слова политическая культура
a Ключевые слова политическая педагогика
a Ключевые слова политическая социализация
a Ключевые слова политические науки
a Ключевые слова политическое воспитание
a Ключевые слова политическое образование
a Ключевые слова политическое сознание
a Ключевые слова преподавание политологии
a Ключевые слова Россия
773 t Заглавие источника Вестник Московского университета. Серия 18, Социология и политология
d Дата издания источника 2001
g Прочая информация № 4. - С. 118 - 129
w Контрольный № источника RU/IS/BASE/148578751
901 t Тип документа b